| 000 | 00501nam a2200157 4500 | ||
|---|---|---|---|
| 001 | 131346 | ||
| 003 | ES-MaACL | ||
| 005 | 20230906193950.0 | ||
| 007 | t| | ||
| 008 | 070214s1978 sp r ||||1| spa d | ||
| 100 | 1 |
_aRodríguez, Hermenegildo. _998246 |
|
| 245 | 1 | 0 |
_aComentario a la ley del impuesto sobre la renta de las personas físicas / _cHermenegildo Rodríguez. |
| 260 |
_aMadrid : _bEd. de Derecho Financiero, _c1978. |
||
| 300 |
_a256 p. ; _c21 cm. |
||
| 852 |
_aES-MaACL _jA-10193 _bR.98795 |
||
| 999 |
_c131346 _d131346 |
||